Statistiques concernant Films avec Gérard Lanvin par image

Cliquez ici pour prendre le quiz!

Statistiques générales

  • Ce quiz a été pris 23 fois
  • Le résultat moyen est 6 sur 16

Statistiques - réponses

Réponse% Correct
Camping
100%
Le Boulet
83%
Marche à l'ombre
83%
Le Goût des autres
48%
Les Lyonnais
48%
Les Frères Pétard
35%
Erreur de la banque en votre faveur
22%
Le Fils préféré
22%
L'Ennemi public n° 1
22%
Mes meilleurs copains
22%
La Belle Histoire
17%
Le Prix à payer
17%
Les Parrains
17%
Le Prix du danger
13%
Une étrange affaire
13%
Tir groupé
9%

Distribution des résultats

Percentile par nombre de réponses

% des personnes avec chaque résultat

Votre développement - résultats

Vous n’avez pas pris ce quiz